Library Banner

Object-oriented programming: (Record no. 22022)

MARC details
000 -LEADER
fixed length control field 00474nam a2200181Ia 4500
001 - CONTROL NUMBER
control field 21722
008 - FIXED-LENGTH DATA ELEMENTS--GENERAL INFORMATION
fixed length control field 140409s9999 xx 000 0 und d
020 ## - INTERNATIONAL STANDARD BOOK NUMBER
International Standard Book Number 0-201-54834-8
040 ## - CATALOGING SOURCE
Transcribing agency PK-LaUMT
082 ## - DEWEY DECIMAL CLASSIFICATION NUMBER
Classification number 005.1
Item number COX-O
100 ## - MAIN ENTRY--PERSONAL NAME
Personal name Brad J. Cox
245 ## - TITLE STATEMENT
Title Object-oriented programming:
Remainder of title an evolutionary appoach
Statement of responsibility, etc Brad J. Cox
250 ## - EDITION STATEMENT
Edition statement 2nd
260 ## - PUBLICATION, DISTRIBUTION, ETC. (IMPRINT)
Place of publication, distribution, etc Reading,USA:
Name of publisher, distributor, etc Addison-Wesley Publishing Company,
Date of publication, distribution, etc 1991
300 ## - PHYSICAL DESCRIPTION
Extent 270 p.
546 ## - LANGUAGE NOTE
Language note EN
942 ## - ADDED ENTRY ELEMENTS (KOHA)
Koha item type Books
Holdings
Withdrawn status Lost status Source of classification or shelving scheme Damaged status Not for loan Home library Current library Date acquired Total Checkouts Full call number Barcode Date last seen Price effective from Koha item type
    Dewey Decimal Classification     UMT Main Campus UMT Main Campus 2014-04-09   CS_ARC 005.1 COX-O 24602 2014-04-23 2014-04-23 Books